| 000 | 00844cem a22001935a 4500 | ||
|---|---|---|---|
| 001 | L157123 | ||
| 008 | 120904s1862 xxk f 000 0 eng d | ||
| 035 | _a(Sirsi) u157123 | ||
| 041 | 0 | _aeng | |
| 245 | 0 | 0 | _aStanford's library map of London and its suburbs |
| 260 |
_aLondon _bStanford _c[1862?] |
||
| 300 |
_a1 map _bcol., dissected and mounted on to linen in 4 pieces _c196 x 172 cm, folded to 24 x 17 cm, in slip case 25 cm. |
||
| 520 | _aThe map is divided into four sections: North East; North West; South East; South West. The section relating to the North West is missing. | ||
| 583 |
_aCondition reviewed _c20120620 _lcondition level 4 |
||
| 651 | 4 | _aLondon | |
| 690 |
_aGeomatics _96242 |
||
| 856 |
_uhttps://www.easyzoom.com/imageaccess/05aaf435cf0a463e9e1b38c2bc0e956d _zScan of this item available on easyzoom |
||
| 942 |
_n0 _2ddc |
||
| 999 |
_c114613 _d114613 |
||